| 000 | 00785nam a22002657a 4500 | ||
|---|---|---|---|
| 999 |
_c8377 _d8377 |
||
| 003 | AR-CdUCM | ||
| 008 | 190325b ||||| |||| 00| 0 spa d | ||
| 020 | _a84-8220-900-8 | ||
| 020 | _a84-8280-948-2 | ||
| 040 |
_aMUNICIPALIDAD PROVINCIAL DEL CUSCO _cBIBLIOTECA MUNICIPAL DEL CUSCO |
||
| 041 | _heng | ||
| 082 |
_a818.5 / _bL37 |
||
| 100 |
_aLee, Harper _922852 |
||
| 245 | _aMatar un Ruiseñor / | ||
| 260 |
_aBogota : _bBruguera, _bLa Oveja Negra, _c1966. |
||
| 300 |
_a307 paginas ; _c19 cm. |
||
| 440 |
_aBest Sellers _n48 _923517 |
||
| 500 | _aTraducción de: To kill a mockingbird. Novelas | ||
| 650 |
_aNovelas _9218 |
||
| 650 |
_aNovelas Estadounidenses _9734 |
||
| 650 |
_aSiglo XX _98 |
||
| 700 |
_aPorta, Baldomero _923518 |
||
| 942 |
_2ddc _cLIBROS |
||
| 945 | _apjha | ||